The visionary company; (Record no. 77175)
[ view plain ]
| 000 -LEADER | |
|---|---|
| fixed length control field | 01280cam a2200421I 4500 |
| 001 - CONTROL NUMBER | |
| control field | 77175 |
| 003 - CONTROL NUMBER IDENTIFIER | |
| rucl marc code | BD-RjUL |
| 005 - DATE AND TIME OF LATEST TRANSACTION | |
| control field | 20211209082933.0 |
| 008 - FIXED-LENGTH DATA ELEMENTS--GENERAL INFORMATION | |
| fixed length control field | 720706s1961 nyu 001 0 eng |
| 035 ## - SYSTEM CONTROL NUMBER | |
| System control number | MITb10209921 |
| System control number | (OCoLC)00349732 |
| System control number | GLIS00209921 |
| 040 ## - CATALOGING SOURCE | |
| Original cataloging agency | DLC |
| Transcribing agency | WSU |
| Modifying agency | m.c. |
| -- | SER |
| -- | MYG |
| Language of cataloging | eng |
| 041 ## - LANGUAGE CODE | |
| Language code of text/sound track or separate title | eng |
| 049 ## - LOCAL HOLDINGS (OCLC) | |
| Holding library | MYGG |
| 082 ## - DEWEY DECIMAL CLASSIFICATION NUMBER | |
| Edition number | 21 |
| Classification number | 821.7 |
| Author mark and year | BLV 1961 |
| 090 ## - LOCALLY ASSIGNED LC-TYPE CALL NUMBER (OCLC); LOCAL CALL NUMBER (OCLC) | |
| Classification number (OCLC) (R) ; Classification number, CALL (RLIN) (NR) | PR590 |
| Local cutter number (OCLC) ; Book number/undivided call number, CALL (RLIN) | .B655 |
| 099 ## - LOCAL FREE-TEXT CALL NUMBER (OCLC) | |
| Bangla Class number | PR590.B655 |
| 100 1# - MAIN ENTRY--PERSONAL NAME | |
| Personal name | Bloom, Harold. |
| 9 (RLIN) | 240120 |
| 245 14 - TITLE STATEMENT | |
| Title | The visionary company; |
| Remainder of title | a reading of English romantic poetry / |
| Statement of responsibility, etc. | By Harold Bloom |
| 250 ## - EDITION STATEMENT | |
| Edition statement | [1st ed.] |
| 260 ## - PUBLICATION, DISTRIBUTION, ETC. (IMPRINT) | |
| Place of publication, distribution, etc. | London : |
| Name of publisher, distributor, etc. | Faber and Faber, |
| Date of publication, distribution, etc. | 1961. |
| 300 ## - PHYSICAL DESCRIPTION | |
| Pagination | 460 p. ; |
| Size | 22 cm. |
| 336 ## - CONTENT TYPE | |
| Content type term | text |
| Content type code | txt |
| Source | rdacontent |
| 337 ## - MEDIA TYPE | |
| Media type term | unmediated |
| Media type code | n |
| Source | rdamedia |
| 338 ## - CARRIER TYPE | |
| Carrier type term | volume |
| Carrier type code | nc |
| Source | rdacarrier |
| 650 #0 - SUBJECT ADDED ENTRY--TOPICAL TERM | |
| Topical term or geographic name as entry element | English poetry |
| Chronological subdivision | 18th century |
| General subdivision | History and criticism. |
| 9 (RLIN) | 240121 |
| Topical term or geographic name as entry element | English poetry |
| Chronological subdivision | 19th century |
| General subdivision | History and criticism. |
| 9 (RLIN) | 240122 |
| Topical term or geographic name as entry element | Romanticism |
| Geographic subdivision | England. |
| 9 (RLIN) | 240123 |
| 910 ## - USER-OPTION DATA (OCLC) | |
| User-option data | 41720!]mg850308 |
| User-option data | 41720!]mg850308 |
| User-option data | MARCIVEAUT |
| 942 ## - ADDED ENTRY ELEMENTS (KOHA) | |
| Source of classification or shelving scheme | Dewey Decimal Classification |
| Koha item type | Books |
| 949 ## - LOCAL PROCESSING INFORMATION (OCLC) | |
| a | MYGH |
| b | [!39080000041720!] |
| Lost status | Source of classification or shelving scheme | Damaged status | Not for loan | Collection code | Permanent Location | Current Location | Shelving location | Date acquired | Source of acquisition | Cost, normal purchase price | Total Checkouts | Full call number | Date last seen | Copy number | Koha item type |
|---|---|---|---|---|---|---|---|---|---|---|---|---|---|---|---|
| Dewey Decimal Classification | Not For Loan | Non-fiction | Central Library, University of Rajshahi | Central Library, University of Rajshahi | Reading Room | 09/03/1964 | Zeitlinger | 36.00 | 821.7 BLV 1961 | 01/03/2020 | C-1 | Books |